000 00720nam a2200229 i 4500
005 20260330162303.0
008 260330t20252025my gr o000 f may d
020 _a9789834951740
_cRM45.00
_qpaperback
040 _aPPAK
_beng
_cPPAK
_erda
082 0 4 _223
_a899.2333
090 0 0 _a899.2333
_bWIZ
_dG
100 0 _aWizana Emilia,
_q(Wan Wizana binti Hashim),
_eauthor.
245 1 0 _aAlia Himra /
_cWIZANA EMILIA
264 1 _aKuala Lumpur :
_bDewan Bahasa dan Pustaka,
_c2025
300 _a534 pages ;
_c19 cm
336 _atext
_2rdacontent
337 _aunmediated
_2rdamedia
338 _avolume
_2rdacarrier
650 1 0 _aMalay fiction
650 2 4 _aMalaysian fiction (Malay)
942 _2ddc
_cB
999 _c203570
_d203570